| 000 | 00783nam a2200277 i 4500 | ||
|---|---|---|---|
| 001 | 9001 | ||
| 003 | ES-MaACL | ||
| 005 | 20250830111221.0 | ||
| 007 | t| | ||
| 008 | 930128s1992 sp ||||1| spa d | ||
| 017 |
_aM 36779-1992 _bOficina Depósito Legal Madrid |
||
| 020 | _a8428811008 | ||
| 040 | _cES-MaACL | ||
| 080 | _a238.1 | ||
| 110 | 2 |
_aIglesia Católica _eisb _94639 |
|
| 245 | 0 | 0 | _aCatecismo de la Iglesia Católica. |
| 250 | _a2ª ed. | ||
| 260 |
_aMadrid : _bAsociación de Editores del Catecismo, _c1992. |
||
| 300 |
_a708 páginas ; _c24 cm. |
||
| 500 | _aÍndices | ||
| 655 | 7 |
_9234608 _aCatecismos |
|
| 852 |
_aES-MaACL _bR.121193 _cDEPO2 _jL-6866 |
||
| 942 |
_cMONOGRAFIA _n0 |
||
| 999 |
_c9001 _d9001 |
||